Inventario de daños en la infraestructura portuaria de Puerto Limón y propuesta de procedimientos constructivos para su reparación

Shranjeno v:
Bibliografske podrobnosti
Glavni avtor: Vindas Pérez, Natalia, 1984-
Drugi avtorji: Anglin Fonseca, Robert Anthony, 1967- Director del TFG
Format: Knjiga
Izdano: [San José], Costa Rica 2010
Teme:
Oznake: Označite
Brez oznak, prvi označite!

MARC

LEADER 00000nam a2200000Ia 4500
003 001553
005 20231206110534.0
008 140114s2010 cr a 000 ||s d
040 |c cru CEDI  
090 |a TFG 6067 
100 |a Vindas Pérez, Natalia, 1984-  |9 1990 
245 |a Inventario de daños en la infraestructura portuaria de Puerto Limón y propuesta de procedimientos constructivos para su reparación 
260 |b  [San José], Costa Rica  |c 2010 
500 |a Proyecto de graduación (licenciatura en Ingeniería civil)--Universidad de Costa Rica. Facultad de Ingeniería. Escuela de Ingeniería Civil 
501 |a Director del Proyecto de Graduación: Ing. Robert Anglin Fonseca, M.Sc. 
650 |x PUERTO LIMON (COSTA RICA)   |x TRANSPORTE - MANTENIMIENTO Y REPARACION  |x PUERTOS  |9 3296 
700 |a Anglin Fonseca, Robert Anthony, 1967-  |d Director del TFG  |9 186 
942 |c TFG  |h TFG 6067  |i 001553  |6 TFG_6067_001553000000000 
999 |c 16148  |d 16148